000 00947nas a2200313 4500
001 BR8304279
003 BR-BrBNA
005 20231205085646.0
007 ta
008 230509b bl.|||p| |||| 00| 00por d
040 _aBR-BrBNA
_bpor
_cBiblioteca Nacional de Agricultura
041 _a(Pt)
072 _aQ20
100 1 _aRibeiro, N.C. de A.
100 1 _aLopez, A.S.
245 1 _aFungos produtores de acidos isolados durante a fermentacao e secagem do cacau [Theobroma cacao, Aspergillus niger, Bahia, Brasil]
650 _aCACAU
650 _aFUNGO
650 _aFERMENTACAO
650 _aACIDO
650 _aSECAGEM
650 _aASPERGILOSE
650 _aMICROBIOLOGIA DE ALIMENTO
650 _aBAHIA
773 0 _tRevista Theobroma (Brazil)
_xISSN 0370-7962
_g(Oct-Dec 1983), v. 13(4) p. 293-301
_wBR8304279
856 4 0 _dLink DSPACE/MAPA BR8304279
909 _a202311
_bLúcia
_c55
_dLúcia Elande
942 _2AGRIS
_n0
_cANA
999 _c112856
_d112856